000 00451nam a2200181Ia 4500
005 20250603145727.0
008 250603s9999 xx 000 0 und d
020 _a9780765621207
050 _aJF 1525 .A23/
100 _aEdited by Michaela E. Abbott; et.al.
245 0 _aSocial equality in public administration classroom
260 _aLondon
260 _bRoutledge
260 _c2023
300 _a311 p
650 _aLondon
942 _cBK
999 _c42679
_d42679